Desecration : (Record no. 2051)

MARC details
000 -LEADER
fixed length control field 00814cam a22002412 4500
001 - CONTROL NUMBER
control field 0000002870
005 - DATE AND TIME OF LATEST TRANSACTION
control field 20151217145731.0
008 - FIXED-LENGTH DATA ELEMENTS--GENERAL INFORMATION
fixed length control field 070420s xx 000 0 eng d
020 ## - INTERNATIONAL STANDARD BOOK NUMBER
International Standard Book Number 0842332294 :
Terms of availability KES 990
040 ## - CATALOGING SOURCE
Original cataloging agency KABU
Transcribing agency KABU
050 #0 - LIBRARY OF CONGRESS CALL NUMBER
Classification number PS3562
Item number .A315D47 2001
100 1# - MAIN ENTRY--PERSONAL NAME
Personal name LaHaye, Tim F.
-- 0000088074
245 10 - TITLE STATEMENT
Title Desecration :
Remainder of title antichrist takes the throne /
Statement of responsibility, etc. Tim LaHaye, Jerry B. Jenkins.
260 ## - PUBLICATION, DISTRIBUTION, ETC. (IMPRINT)
Place of publication, distribution, etc. Wheaton, Illinois :
Name of publisher, distributor, etc. Tyndale,
Date of publication, distribution, etc. 2001.
300 ## - PHYSICAL DESCRIPTION
Extent xiii, 407 p. ;
Dimensions 21 cm.
600 10 - SUBJECT ADDED ENTRY--PERSONAL NAME
Personal name Steele, Rayford (Fictitious character)
General subdivision Fiction.
-- 0000152376
650 #0 - SUBJECT ADDED ENTRY--TOPICAL TERM
Topical term or geographic name as entry element Antichrist
General subdivision Fiction.
-- 0000152377
651 #0 - SUBJECT ADDED ENTRY--GEOGRAPHIC NAME
Geographic name Israel
General subdivision Fiction.
-- 0000152378
700 1# - ADDED ENTRY--PERSONAL NAME
Personal name Jenkins, Jerry B.
-- 0000152375
908 ## - PUT COMMAND PARAMETER (RLIN)
Put command parameter 070420
950 ## - LOCAL HOLDINGS (RLIN)
-- 1
Holdings
Withdrawn status Lost status Source of classification or shelving scheme Not for loan Home library Current library Date acquired Total Checkouts Full call number Barcode Date last seen Date last checked out Price effective from Koha item type
    Library of Congress Classification   Kabarak, Main Campus Kabarak, Main Campus 17/12/2015 11 PS3562 .A315D47 2001 004565 08/03/2025 07/03/2025 17/12/2015 General Collection
Designed with assistance from East African Informatics Ltd